Statistics for Tour de France 2004 riders

Click here to take the quiz!

General Stats

  • This quiz has been taken 49 times
  • The average score is 68 of 188

Answer Stats

Team#Answer% Correct
US Postal6Floyd Landis
100%
US Postal1Lance Armstrong
100%
Telekom11Jan Ullrich
93%
Fassa Bortolo43Fabian Cancellara
87%
Illes Balears-Banesto76Denis Menchov
80%
US Postal5George Hincapie
80%
CSC61Ivan Basso
80%
Alessio-Bianchi131Magnus Backstedt
80%
Lotto-Domo181Robbie McEwen
80%
Brioches La Boulangere129Thomas Voeckler
80%
Credit Agricole57Thor Hushovd
80%
Phonak21Tyler Hamilton
80%
Telekom17Andreas Kloden
73%
Telekom13Santiago Botero
73%
Cofidis91Stuart O'Grady
73%
Brioches La Boulangere121Sylvain Chavanel
73%
Quick-Step-Davitamon103Tom Boonen
73%
Fassa Bortolo41Alessandro Petacchi
67%
Lotto-Domo185Axel Merckx
67%
Telekom19Erik Zabel
67%
Domina Vacanze191Mario Cipollini
67%
Quick-Step-Davitamon102Paolo Bettini
67%
Liberty Seguros111Roberto Heras
67%
CSC67Carlos Sastre
60%
Fassa Bortolo46Kim Kirchen
60%
RAGT Semence208Ludovic Martin
60%
Rabobank152Michael Boogerd
60%
Rabobank158Michael Rasmussen
60%
Quick-Step-Davitamon101Richard Virenque
60%
Credit Agricole51Christophe Moreau
53%
Saeco171Gilberto Simoni
53%
Euskaltel-Euskadi38Haimar Zubeldia
53%
Euskaltel-Euskadi31Iban Mayo
53%
AG2R Prevoyance145Jaan Kirsipuu
53%
CSC66Jakob Piil
53%
CSC62Kurt Asle Arvesen
53%
AG2R Prevoyance141Laurent Brochard
53%
Quick-Step-Davitamon105Laurent Dufaux
53%
Rabobank151Levi Leipheimer
53%
US Postal4Viatcheslav Ekimov
53%
Illes Balears-Banesto75Vladimir Karpets
53%
Fdjeux.com163Baden Cooke
47%
Fdjeux.com161Bradley McGee
47%
Liberty Seguros118Christian Vande Velde
47%
Euskaltel-Euskadi33David Etxebarria
47%
Cofidis97David Moncoutie
47%
Brioches La Boulangere128Didier Rous
47%
Rabobank154Erik Dekker
47%
Illes Balears-Banesto71Francisco Mancebo
47%
Gerolsteiner81Georg Totschnig
47%
Telekom14Giuseppe Guerini
47%
Liberty Seguros114Igor Gonzalez de Galdeano
47%
CSC69Jens Voigt
47%
US Postal2Jose Azevedo
47%
US Postal9Jose Luis Rubiera
47%
Illes Balears-Banesto73Jose Vicente Garcia Acosta
47%
US Postal3Manuel Beltran
47%
AG2R Prevoyance142Mikel Astarloza
47%
CSC68Nicki Sorensen
47%
Phonak26Nicolas Jalabert
47%
Phonak27Oscar Pereiro
47%
US Postal8Pavel Padrnos
47%
Quick-Step-Davitamon106Servais Knaven
47%
Euskaltel-Euskadi34Unai Etxebarria
47%
US Postal7Benjamin Noval
40%
Cofidis93Jimmy Casper
40%
Phonak25Jose Enrique Gutierrez
40%
Illes Balears-Banesto74Jose Ivan Gutierrez
40%
Fassa Bortolo44Juan Antonio Flecha
40%
Quick-Step-Davitamon107Juan Miguel Mercado
40%
Credit Agricole53Julian Dean
40%
Rabobank159Marc Wauters
40%
Fassa Bortolo48Matteo Tosatto
40%
Quick-Step-Davitamon108Michael Rogers
40%
CSC63Michele Bartoli
40%
Telekom12Rolf Aldag
40%
AG2R Prevoyance143Samuel Dumoulin
40%
Phonak28Santiago Perez
40%
Fassa Bortolo45Aitor Gonzalez
33%
Credit Agricole52Alexandre Botcharov
33%
Fdjeux.com165Bernhard Eisel
33%
Euskaltel-Euskadi37Egoi Martinez
33%
Fassa Bortolo47Filippo Pozzato
33%
Rabobank157Grischa Niermann
33%
AG2R Prevoyance147Jean-Patrick Nazon
33%
Brioches La Boulangere126Jerome Pineau
33%
Liberty Seguros117Marcos Serrano
33%
Saeco179Marius Sabaliauskas
33%
Domina Vacanze196Michele Scarponi
33%
Phonak29Oscar Sevilla
33%
Lotto-Domo188Rik Verbrugghe
33%
Saeco174Salvatore Commesso
33%
Fdjeux.com162Sandy Casar
33%
Phonak23Santos Gonzalez
33%
Credit Agricole56Sebastien Hinault
33%
Telekom15Sergei Ivanov
33%
RAGT Semence205Sylvain Calzati
33%
Lotto-Domo189Aart Vierhouten
27%
Liberty Seguros113Allan Davis
27%
Alessio-Bianchi138Andrea Noe
27%
CSC65Andrea Peron
27%
Phonak24Bert Grabsch
27%
CSC64Bobby Julich
27%
Rabobank153Bram de Groot
27%
Lotto-Domo182Christophe Brandt
27%
Illes Balears-Banesto72Daniel Becke
27%
Telekom18Daniele Nardello
27%
Liberty Seguros112Dariusz Baranowski
27%
Cofidis96Dmitry Fofonov
27%
Gerolsteiner88Fabian Wegmann
27%
Alessio-Bianchi132Fabio Baldato
27%
RAGT Semence202Guillaume Auger
27%
Euskaltel-Euskadi36Inigo Landaluze
27%
Liberty Seguros116Isidro Nozal
27%
Cofidis98Janek Tombak
27%
Rabobank156Marc Lotz
27%
Phonak22Martin Elmiger
27%
Telekom16Matthias Kessler
27%
Saeco173Mirko Celestino
27%
Gerolsteiner89Peter Wrolich
27%
Credit Agricole54Pierrick Fedrigo
27%
Gerolsteiner84Sebastian Lang
27%
Quick-Step-Davitamon109Stefano Zanini
27%
Brioches La Boulangere122Walter Beneteau
27%
Liberty Seguros119Angel Vicioso
20%
Fdjeux.com164Carlos Da Cruz
20%
Cofidis94Christophe Edaleine
20%
Fdjeux.com167Christophe Mengin
20%
Gerolsteiner83Danilo Hondo
20%
Quick-Step-Davitamon104Davide Bramati
20%
Saeco176David Loosli
20%
Saeco178Evgeni Petrov
20%
Domina Vacanze198Filippo Simeoni
20%
Brioches La Boulangere127Franck Renier
20%
Cofidis92Frederic Bessy
20%
RAGT Semence206Frederic Finot
20%
Fdjeux.com166Frederic Guesdon
20%
Saeco175Gerrit Glomser
20%
Euskaltel-Euskadi35Iker Flores
20%
Liberty Seguros115Jan Hruska
20%
Fdjeux.com168Jean-Cyril Robin
20%
Cofidis95Jimmy Engoulvent
20%
Saeco177Jorg Ludewig
20%
Rabobank155Karsten Kroon
20%
Lotto-Domo186Koos Moerenhout
20%
Brioches La Boulangere125Laurent Lefevre
20%
Fassa Bortolo49Marco Velo
20%
AG2R Prevoyance149Mark Scanlon
20%
Fassa Bortolo42Marzio Bruseghin
20%
Fdjeux.com169Matthew Wilson
20%
Lotto-Domo183Nick Gates
20%
AG2R Prevoyance148Nicolas Portal
20%
Credit Agricole55Patrice Halgand
20%
RAGT Semence203Pierre Bourquenoud
20%
Gerolsteiner82Rene Haselbacher
20%
AG2R Prevoyance144Stephane Goubert
20%
Gerolsteiner86Uwe Peschel
20%
Illes Balears-Banesto79Xabier Zandio
20%
AG2R Prevoyance146Yuriy Krivtsov
20%
Alessio-Bianchi133Alessandro Bertolini
13%
Brioches La Boulangere123Anthony Charteau
13%
Credit Agricole59Benoit Salmon
13%
RAGT Semence207Christophe Laurent
13%
RAGT Semence201Christophe Rinero
13%
Alessio-Bianchi137Claus Michael Moller
13%
RAGT Semence209Eddy Seigneur
13%
Domina Vacanze192Gian Matteo Fagnini
13%
RAGT Semence204Gilles Bouvard
13%
Euskaltel-Euskadi32Iker Camano
13%
Alessio-Bianchi136Marcus Ljungqvist
13%
Alessio-Bianchi135Martin Hvastija
13%
Brioches La Boulangere124Maryan Hary
13%
Domina Vacanze195Massimiliano Mori
13%
Cofidis99Peter Farazijn
13%
Alessio-Bianchi134Pietro Caucchioli
13%
Alessio-Bianchi139Scott Sunderland
13%
Credit Agricole58Sebastien Joly
13%
Saeco172Stefano Casagranda
13%
Gerolsteiner85Sven Montgomery
13%
Lotto-Domo187Wim Vansevenant
13%
Illes Balears-Banesto77Aitor Osa
7%
Domina Vacanze193Massimo Giunti
7%
Illes Balears-Banesto78Mikel Pradera
7%
Gerolsteiner87Ronny Scholz
7%
Domina Vacanze194Sergio Marinangeli
7%
Lotto-Domo184Thierry Marichal
7%
Domina Vacanze197Francesco Secchiari
0%
Domina Vacanze199Paolo Valoti
0%

Score Distribution

Percentile by Number Answered

Percent of People with Each Score

Your Score History

You have not taken this quiz